| 000 | 00683nam a22001695i 4500 | ||
|---|---|---|---|
| 001 | 160147 | ||
| 003 | ES-MaACL | ||
| 005 | 20230906211942.0 | ||
| 008 | 940202s1875 sp |||| | spa d | ||
| 040 |
_aAR _bspa |
||
| 100 | 1 |
_aMorayta, Miguel ( _d1834-1917) _9130147 |
|
| 245 | 1 | 0 |
_aAquellos tiempos! : _bcoloquios literarios, históricos y morales, o demostración de que los actuales tiempos, aunque malejos, valen más que los otros / _cMiguel Morayta. |
| 260 |
_aMadrid : _b[s.n.], _c1875 ( _fImp. de R. Bernardino y F. Cao) |
||
| 300 |
_a237 p. ; _c19 cm. |
||
| 651 | 4 |
_aEspaña- _xCivilización. _98163 |
|
| 852 |
_aES-MaACL _jC-3501 _z- Enc. tela _z- Legado M. de la Fuente |
||
| 999 |
_c160147 _d160147 |
||